00726nam a2200241 a 4500001001300000003000900013005001700022008004100039020002300080082001700103100002000120245005400140260003000194300000900224500003500233505001700268650001400285700002000299902000800319942000700327952013300334999001700467nice12345678IN_TiNIC20260116014239.0070423s2005 dela grp 000 0 eng  a8126904119 c37500a303.625bBUR aBurchall, Larry aEmergence of TerrorismbRole of Western Countries aDelhibAtlantic Pubc2005 a147p aincludes index and biblioraphy2 aBibliography aTerrorism1 aBurchall, Larry bSRS cBK 001040708StackRoom-aHMIbHMId2007-04-30g375.00l1m1o303.625 BURp021476r2017-06-14s2016-08-22v375.00w2007-04-23yBK c14500d14500